Gaming Quiz

Random Gaming Quiz

Grand Theft Auto IV Characters Quiz Stats

 Plays Quiz not verified by Sporcle

Support Sporcle.
Go Orange.
Score 0/25 Timer 10:00
0 Plays Today
% Correct
Niko
98%
Roman
96%
Packie
64.5%
Little Jacob
64.1%
Michelle
62.1%
Dimitri
61.6%
Brucie
59.9%
Vlad
57.9%
Kate
53.1%
Playboy X
50.1%
Dwayne
46.3%
Mallorie
45.9%
Francis
44.3%
% Correct
Elizabeta
41.7%
Faustin
41.5%
Manny
40.3%
Ray
40.3%
Derrick
40.3%
Gerry
38.5%
Jimmy Pegorino
35.5%
Bernie
33%
Phil Bell
32.7%
Badman
22.8%
UL Paper
20.9%
Jon Gravelli
15.7%

You're not logged in!

Compare scores with friends on all Sporcle quizzes.
OR
Log In

From the Vault

What's in a Star Wars Name?

by pdigoe

Have a quick Luke at this one.
Remove Ads.
Support Sporcle.
Get the best of Sporcle when you Go Orange. This ad-free experience offers more features, more stats, and more fun while also helping to support Sporcle. Thank you for becoming a member.

Show Comments

Extras

Top Quizzes Today


Score Distribution

Your Account Isn't Verified!

In order to create a playlist on Sporcle, you need to verify the email address you used during registration. Go to your Sporcle Settings to finish the process.

Report this User

Report this user for behavior that violates our Community Guidelines.

Details: